000 00284nam a2200121 a 4500
001 000001827
005 20200929145723.0
008 090629s1995 000 spa d
020 _a8585371080
245 0 _aThe voyager's Brazil.
260 _aSalvador, BA,
_c1995.
999 _c1704
_d1704
040 _aDO-SdBNP